书目信息 |
| 题名: |
现代日汉双解词典
|
|
| 作者: | 俞彭年 主编 | |
| 分册: | ||
| 出版信息: | 上海 上海外语教育出版社 1997 |
|
| 页数: | 2062页 | |
| 开本: | 20cm | |
| 丛书名: | ||
| 单 册: | ||
| 中图分类: | H266 | |
| 科图分类: | ||
| 主题词: | 少数民族--民族语--中国 | |
| 电子资源: | ||
| ISBN: | 7-81009-419-X | |
| 000 | 00555nam0 2200181 450 | |
| 001 | 0755227312 | |
| 005 | 20070828152027.31 | |
| 010 | @a7-81009-419-X@b精装@d¥70.00 | |
| 100 | @a20070828d km y0chiy0120 ea | |
| 101 | 0 | @achi |
| 200 | 1 | @a现代日汉双解词典@Axian dai ri han shuang jie ci dian@f俞彭年 主编@Fyu peng nian zhu bian |
| 210 | @a上海@c上海外语教育出版社@d1997 | |
| 215 | @a2062页@d20cm | |
| 606 | 0 | @a少数民族@x民族语@x中国 |
| 690 | @aH266@v3 | |
| 701 | 0 | @a俞彭年@Ayu peng nian@4主编 |
| 801 | 0 | @aCN@bPFT@c20070828 |
| 905 | @a213230@dH266@eW19@f1 | |
| 现代日汉双解词典/俞彭年 主编.-上海:上海外语教育出版社,1997 |
| 2062页;20cm |
| ISBN 7-81009-419-X(精装):¥70.00 |
| ● |
| 相关链接 |
|
|
|
|
正题名:现代日汉双解词典
索取号:H266/W19
 
预约/预借
| 序号 | 登录号 | 条形码 | 馆藏地/架位号 | 状态 | 备注 |
| 1 | 0701427 | 207014274 | 密集书库—外国语学院/ [索取号:H266/W19] | 在馆 |